000 03326amm a2200337 i 4500
001 76871401
003 CO-MdFUSB
005 20250731095823.0
006 a|||||r|||| 00| 0
007 cr aaaaaaaa
008 170726t ck||||| |||| 00| 0 spa d d
040 _aCO-MdFUSB
_bEspañol
_cCO-MdFUSB
_dCO-MdFUSB
041 _aspa
043 _ack
100 1 _aGalvis Torres, Alexander
_eautor
245 0 0 _aPrograma pastoral para personas homosexuales
_c/ Alexander Galvis Torres , asesorado por Fernando Abilio Mosquera Brand
_h[electrónico]
264 _aMedellín, Colombia :
_bFUSBC,
_c[2012]
300 _a61 páginas
336 _2rdacontent
_atexto
_btxt
337 _2rdamedia
_ainformático
_bc
338 _2rdacarrier
_aremoto
_bcr
502 _aTrabajo de grado
_b(Teología bíblica)
_c-- Fundación Universitaria Seminario Bíblico de Colombia;
_d2012
505 _aEl origen del quebranto sexual y relacional -- ¿Por qué Quebranto Sexual? -- La Iglesia y el Quebranto Sexual -- Fundamentos Bíblicos para pastorear hermanos con Quebranto Sexual -- El problema del Quebranto Sexual en Corinto -- No hay distinción de pecados -- Programa de atención para personas homosexuales -- Acercamiento Psicológico Pastoral -- La situación psicológica del homosexual
520 _aEste trabajo tiene el doble propósito de dar continuidad a la investigación “Una respuesta teológica y pastoral a la teología Gay”, por otro lado, busca ahondar en la viabilidad de un acercamiento pastoral para los homosexuales y afeminados a través de la iglesia local. El objetivo es sustentar bíblicamente y demostrar que los homosexuales pueden y deben ser recibidos y atendidos en la comunidad de los creyentes. Se realizaron una serie de entrevistas que buscaban identificar la situación real de la iglesia frente a la atención y acompañamiento de la población homosexual en las iglesias de Medellín. Luego se enfocó la investigación bibliográfica, a la vez que se realizaba una exégesis de la primera carta a los Corintios capitulo 5. Esto, con el fin de interactuar con los autores. Se buscó profundizar en el origen del homosexualismo a partir de la caída como evento principal de todos los pecados del hombre. Se buscaron autores especialistas en el Génesis, y otros en el tema del homosexualismo buscando articular la teoría con la práctica. Las entrevistas realizadas mostraron que la iglesia no estaba preparada para atender a personas en condición de homosexualidad. Que la ignorancia y la homofobia son las principales causas para no atender a los homosexuales. Los resultados del trabajo confirmaron que la Biblia aprueba la atención de los homosexuales. Que la Palabra no considera el homosexualismo como un pecado mayor que el adulterio o la fornicación, y que hay posibilidad de restauración para el homosexual como lo hay para cualquier otro pecador. Posteriormente se elaboró un programa con el fin de ofrecer las herramientas sencillas, pero muy importantes para el pastoreo de la población homosexual.
535 _aRecurso en REPCI
653 _aHomosexualidad en la Biblia
653 _aHomosexualidad -- Enseñanza bíblica
700 _aMosquera Brand, Fernando Abilio,
_easesor
_9850
856 _uhttps://repositorio.repci.co/handle/123456789/213
_aREPCI
942 _cTG
999 _c32210
_d32210